000 00970nam a22002897a 4500
003 CHAP
005 20230801171821.0
008 971013s1980 r 00010 d
010 _a15738
011 _a16710
035 _a20792
040 _cCHAP
082 _a595.789
_bB45
100 0 0 _aBeutelspacher Baigts, Carlos Rommel.
_912105
245 _aMariposas diurnas del Valle de México
260 _aMéxico, D. F. :
_bEd. Científicas,
_c1980
300 _a134 p.
_b; láms. : ilus. ; mapas
590 _aBATCH-UPD
_b10
_c20130110
_lUCH01
_h1335
590 _aBATCH-UPD
_b10
_c20130410
_lUCH01
_h0838
590 _aBATCH-UPD
_b10
_c20130914
_lUCH01
_h2126
590 _aCONVERSION
_b10
_c20130109
_lUCH01
_h1310
650 1 7 _aMariposas
_zValle de México
_2
_971407
901 _aBK
942 _cLIBRO
949 _a595.789 B45
_bBC
_cC
_d33724000499711
_eC
_fc.2
_h64490
_i20792
_si
_t860.00
949 _a595.789 B45
_bBC
_cC
_d33724000499745
_eC
_gI. c/e
_h64489
_i20792
_si
_t860.00
999 _c15738
_d15738